Дело о службе капельдинера Григория Солнцева

Доступно только в Электронных читальных залах Найти на картеНа карте
RUSMARC
00004076nmc2a22000003x 450
001be939351-8741-485a-bc93-b34e368fe7cd
00520181129103443.0
100##$a20170110l18261852k l0rusy0189 ca
1010#$arus
102##$aRU
2001#$aДело о службе капельдинера Григория Солнцева
$j11 февраля 1826 г. - 10 января 1852 г.
251##$cДело
300##$aДело
300##$aОриг. заголовок дела: Дело об увольнении вовсе от службы Театральной дирекции состоявшего в ней капельдинером Григорья Солнцева. 11 февраля 1826 г. - 10 января 1852 г
801#0$aRU
$bРГИА
$c20170110
$gRCR
801#1$aRU
$bГлавНИВЦ
$c20170110
$2rusmarc
801#2$aRU
$bПБ им. Б.Н. Ельцина
$c20181129
$gRCR
$2rusmarc
850##$aРГИА
852##$aРГИА
$eФедеральное казенное учреждение "Российский государственный исторический архив" (РГИА)
$j3042
937##$hРГИА
$d12234797
$aASBIBLIO_SCAN
462#0$1001dd3991dc-24e1-42ec-8838-ca4255420416
$12001
$aДирекция императорских театров (1746-1850 гг.)
$1251
$cОпись
$1852
$j1
461#0$10019264ebf8-de62-4f1a-9eb4-9f22098dbbd5
$12001
$aДирекция императорских театров Министерства императорского двора
$1251
$cФонд
$1852
$j497
215##$a42 л.
$d36,5х26 см
371##$aДокумент не является опубликованным и широко распространяемым
105##$ay###
1222#$ad
5171#$aДело об увольнении вовсе от службы Театральной дирекции состоявшего в ней капельдинером Григорья Солнцева. 11 февраля 1826 г. - 10 января 1852 г
035##$abe939351-8741-485a-bc93-b34e368fe7cd
856##$uhttp://readingroom.main.prlib.ru/item.aspx?id_node=n121130674&mode=full
Формат отображения